Statistiques concernant Astronautes connus par images

Cliquez ici pour prendre le quiz!

Statistiques générales

  • Ce quiz a été pris 34 fois
    (33 depuis la dernière actualisation)
  • Le résultat moyen est 3 sur 10

Statistiques - réponses

Réponse% Correct
Neil Armstrong
88%
Buzz Aldrin
77%
Youri Gagarine
50%
Alan Shepard
23%
Alexei Leonov
23%
Chris Hadfield
23%
Valentina Tereshkova
19%
Charles Pete Conrad
15%
John Glenn
15%
Sally Ride
8%

Distribution des résultats

Percentile par nombre de réponses

% des personnes avec chaque résultat

Votre développement - résultats

Vous n’avez pas pris ce quiz depuis la dernière actualisation